00971Cam#a22002777a#4500003000900000005001700009008004100026040001800067041000800085080001500093092003600108110005300144245017900197260003200376300002200408500003200430650001800462650001700480650002700497908000900524930001000533942001300543945000800556999001500564952011400579AR-RoUNA20190731122504.0130924s1965||||bo|||||| |||| 0|spa d aAR-RoUNAbspa aspa a(083)69.02 sEdil-Normasc(083)69.02lCOPANT2 aComision Panamericana de Normas Tecnicas.92263910aCOPANT 3 9-001 :bTerminologia y definicion de los distintos elementos que componen un edificio /cComite Panamericano de Normas Tecnicas = Pan American Standards Committee. a[La Paz?] :bCOPANT,c1965. a14 p. ; :c29 cm. aEsquema 1 de Recomendacion. 4aNormas COPANT 4aTerminologia 4aElementos de edificios aImp; e10237 2cducLIB aMTC c5572d5572 00102cdu4070aAR-RoUNAbAR-RoUNAcEdil-Normasd2014-05-29l0o(083)69.02 COPANTp14410tej. 1yLIBjCOPANT